000 00855nam a22001817a 4500
999 _c6113
_d6113
003 GBCCL
005 20241126110556.0
008 180501b ||||| |||| 00| 0 eng d
040 _cgbc
082 _a220.7
_bTOR
245 _aTorch Bible commentaries.
260 _aLondon :
_bSCM Press,
_c1948-
300 _a42 volumes ; 19 cm
505 _aGenesis 1-11 -- Genesis 12-50 -- Exodus -- Deuteronomy -- I.+II. Samuel -- Ruth + Jonah -- Job -- Psalms -- Wisdom of Soloman -- Isaiah, 1-39 -- Isaiah, 40-55 -- Isaiah, 56-66, + Joel -- Jeremiah -- Ezekiel -- Daniel -- Josea -- Amos + Micah -- Ob, Nahum, Habakkuh, + Zeph -- Hagga, Zech, + Malochi -- _ -- Matthew -- Mark -- Luke -- John -- Acts -- Galatians -- Ephesians -- Hebrews -- Eps of John -- Rev.
650 _aBible -- Commentaries.
_910991
650 _a Bible.
_95
942 _e2ND ED
_2ddc
_cBK
_023